Rediseño del proceso de transferencia de nuevos productos en Remec Costa Rica
Збережено в:
| Автор: | |
|---|---|
| Інші автори: | , |
| Формат: | Книга |
| Опубліковано: |
[San José, Costa Rica]
2004
|
| Предмети: | |
| Теги: |
Додати тег
Немає тегів, Будьте першим, хто поставить тег для цього запису!
|
MARC
| LEADER | 00000nam a2200000Ia 4500 | ||
|---|---|---|---|
| 003 | 009443 | ||
| 005 | 20221231144134.0 | ||
| 008 | 140114s2004 cr a m 000 ||s d | ||
| 040 | |c cru CEDI | ||
| 090 | |a TFG 4986 | ||
| 100 | |a Barquero Rodríguez, Erick |9 6216 | ||
| 245 | |a Rediseño del proceso de transferencia de nuevos productos en Remec Costa Rica | ||
| 260 | |c 2004 |a [San José, Costa Rica] | ||
| 300 | |a xviii, 180 hojas : ilustraciones (algunas a color) | ||
| 500 | |a Proyecto de graduación (licenciatura en ingeniería industrial)--Universidad de Costa Rica. Facultad de Ingeniería. Escuela de Ingeniería Industrial | ||
| 650 | |x REMEC S.A. (COSTA RICA) |x ADMINISTRACION |x ORGANIZACION |x CONTROL DE PROCESOS |9 6219 | ||
| 700 | |9 6217 |a Herrero Weson, Felipe | ||
| 700 | |9 6218 |a Sánchez Ortega, Marjorie | ||
| 942 | |c TFG | ||
| 999 | |c 17437 |d 17437 | ||
